000 01412nam a2200373 i 4500
001 37618
003 FINmELB
005 20241216221520.0
006 m o u
007 cr cn|||||||||
008 220721s2023 sp ob 000 0 spa d
020 _z9788411035804
020 _a9788411035811
_q(e-book)
035 _a(OCoLC)1390975271
040 _aFINmELB
_bspa
_erda
_cFINmELB
050 1 4 _aHF5635
_bM425 2023
080 _a657
082 0 4 _a331.4
_223
100 1 _aMateo Pacheco, Meritxell,
_eautor.
245 1 0 _aContabilidad previsional :
_bADGN0108 /
_cMeritxell Mateo Pacheco ; colaboradora: Alicia Jiménez García.
264 1 _aAntequera, Málaga :
_bIC Editorial,
_c2023.
300 _a1 recurso en línea (216 páginas)
336 _atexto
_btxt
_2rdamedia/spa
337 _acomputadora
_bc
_2rdamedia/spa
338 _arecurso en línea
_2rdacarrier/spa
504 _aContiene bibliografía.
588 _aDescripción basada en metadatos suministrados por el editor y otras fuentes.
590 _aRecurso electrónico. Santa Fe, Arg.: elibro, 2021. Disponible vía World Wide Web. El acceso puede estar limitado para las bibliotecas afiliadas a elibro.
650 4 _aContabilidad.
655 4 _aLibros electrónicos.
700 1 _aJiménez García, Alicia,
_ecolaborador.
797 2 _aelibro, Corp.
856 4 0 _uhttps://elibro.net/ereader/politecnicointernacional/229801
999 _c37618
_d37618